Random Knowledge Quiz #34 - Statistics

General Stats
  • This quiz has been taken 190 times
  • The average score is 7 of 15
Answer Stats
Question Answer % Correct
A group of what animal is called murder? Crow
80%
What is MXXIII in numbers? 1023
71%
Which company owns Whatsapp? Meta
70%
Who is often referred to as the GOAT in women's gymnastics? Simone Biles
63%
What guild went on strike in May, interrupting many Hollywood TV and film productions? Writers Guild of America
57%
Instead of 911 or 112, what is the emergency telephone number in (for example) the United Kingdom? 999
53%
What character is played among others by Hayden Christensen, James Earl Jones, David Prowse, and Jake Lloyd? Anakin Skywalker / Darth Vader
53%
Finish this quote from Friends: "WE WERE ON A..." Break
52%
In classical mythology, who is the god of desire, erotic love, attraction and affection? Cupid
52%
What was white gold developed to imitate? Platinum
49%
What is "Halloween" a contraction of? All Hallows' Eve
44%
Which country did Celine Dion represent when she won the Eurovision Song Contest in 1988? Switzerland
33%
Name on of the Backstreet Boys. A.J. McLean, Brian Littrell, Howie Dorough, Nick Carter, or Kevin Richardson
25%
What kind of car is in a prominent role in the TV show Supernatural? 1967 Chevy Impala
11%
Which sport is called saalihoki in Estonia, innebandy in Sweden, and unihockey in Ireland? Floorball
9%
No matching quizzes found
Score Distribution
Percent of People with Each Score
Percentile by Number Answered
Your Score History
You have not taken this quiz